00925nam a2200229 i 450000100060000000300090000600500170001500700030003200800410003510000320007624501240010826000340023230000220026649000610028865000490034970000270039870000300042583000690045585200320052499900170055695201220057391033ES-MaACL20230906180624.0t|050126s1965 sp ||||1| spa d1 aLeon-Dufour, Xavier.97161210aVocabulario de teología bíblica / cXavier Leon-Dufour ; [versión Alejandro Ros ; revisada por Joaquín Losada]. aBarcelona : bHerder, c1965. a871 p. ; c22 cm.1 aBiblioteca Herder. Sección de Sagrada Escritura ; v66 4aTeología bíblica-vDiccionarios.91657971 aRos, Alejandro.9995640 aLosada, Joaquín.9742560 aBiblioteca Herder. Sección de Sagrada Escritura ; v669186862 aES-MaACLjC-28116 bR.57931 c91033d91033 00104070aATENEOMbATENEOMcDEPO2d2008-01-17eSCl0oC-28116p1095044r2023-02-23 00:00:00w2023-02-23yMONOGRAFIA